Daňové sústavy štátov Európskej únie

Uložené v:
Podrobná bibliografia
Hlavný autor: Schultzová, Anna
Korporativný autor: Ekonomická univerzita v Bratislave. Národohospodárska fakulta
Médium: Kniha
Jazyk:Slovak
Vydavateľské údaje: Bratislava Vydavateľstvo EKONÓM 2007
Predmet:
Tagy: Pridať tag
Žiadne tagy, Buďte prvý, kto otaguje tento záznam!

MARC

LEADER 00000nam$a2200000$$$4500
001 0058720
005 20240502071645.7
020 |a 978-80-225-2333-2 
041 0 |a slo 
044 |a SK 
245 1 0 |a Daňové sústavy štátov Európskej únie  |c Anna Schultzová 
264 1 |a Bratislava  |b Vydavateľstvo EKONÓM  |c 2007 
300 |a 183 s. 
610 2 0 |a dane 
610 2 0 |a sústava daňová 
610 2 0 |a Európska únia 
610 2 0 |a politika daňová 
100 1 |a Schultzová, Anna 
710 2 |a Ekonomická univerzita v Bratislave. Národohospodárska fakulta